000 00869nam a22002417a 4500
005 20080626104633.0
008 080618t xxu||||| |||| 00| 0 eng d
010 _aENG-90411
020 _c395.00
_a8131304129
035 _aEN-73944
037 _bDBAD / PUB
040 _aDPL
_bEN
082 _a371.916
100 _aChadha, Anupriya
245 _aEducating children with special needs /
_cby Anupriya Chadha
260 _aNew Delhi
_bAPH Publishing Corporation
_c2008
260 _a
_b
270 _a4435-36/7, Ansri Road, Darya Ganj,
_bNew Delhi
_e110002
300 _aviii, 167p.
_c23 cm (Hb)
500 _aincludes annexes
942 _cEN
_h371.916
_2ddc
_mCHA
999 _c14063
_d14063